| 000 | 00833cab a2200289 4500 | ||
|---|---|---|---|
| 001 | ABS58798 | ||
| 008 | 090401t1998 xxu||||| |||| 00| 0 eng d | ||
| 035 | _a(Sirsi) u86696 | ||
| 041 | _aeng | ||
| 100 | _aBrown, G. | ||
| 245 | _aOdds on negligence | ||
| 260 | _c1998 | ||
| 350 | _a0 | ||
| 490 |
_aEstates Gazette _v(9822) 30 May 1998, 146-148(3) |
||
| 520 | _aAssesses the likely margin of error between two valuers on the same property. Works through a statistical analysis to provide acceptable levels. | ||
| 650 | _aACCURACY | ||
| 650 | _aMARGIN OF ERROR | ||
| 650 | _aNEGLIGENT VALUATIONS | ||
| 650 | _aSTATISTICS | ||
| 650 | _aVALUATION METHODS | ||
| 650 | _aVALUATION PRACTICE | ||
| 650 | _aVARIATIONS | ||
| 690 | _aRATING AND VALUATION | ||
| 700 | _aMatysiak, G. | ||
| 942 | _n0 | ||
| 948 | _c09/06/1998 | ||
| 999 |
_c54589 _d54589 |
||